| 000 | 01216pam a2200373 a 4500 | ||
|---|---|---|---|
| 001 | 2615775 | ||
| 003 | OSt | ||
| 005 | 20140407102826.0 | ||
| 008 | 980611s1998 nyu c 000 1 eng | ||
| 010 | _a 98027501 | ||
| 020 | _a0439603765 | ||
| 040 |
_aDLC _cDLC _dDLC |
||
| 042 | _alcac | ||
| 050 | 0 | 0 |
_aPZ 7 _b.W58274Vo 1998 |
| 100 | 1 |
_aWhite, Ellen Emerson. _918938 |
|
| 245 | 1 | 0 |
_aVoyage on the great Titanic : _bthe diary of Margaret Ann Brady, R.M.S. Titanic, 1912 / _cby Ellen Emerson White. |
| 260 |
_aNew York : _bScholastic, _c1998. |
||
| 300 |
_a197 p. ; _c19 cm. |
||
| 440 | 0 |
_aDear America _96041 |
|
| 521 | _aG9 | ||
| 526 | _c1010 | ||
| 610 | 2 | 0 |
_aTitanic (Steamship) _xJuvenile fiction. _927035 |
| 610 | 2 | 1 |
_aTitanic (Steamship) _xFiction. _927036 |
| 650 | 1 |
_aShipwrecks _xFiction. _927037 |
|
| 650 | 1 |
_aOcean liners _xFiction. _927038 |
|
| 650 | 1 |
_aOrphans _xFiction. _927039 |
|
| 650 | 1 |
_aDiaries _xFiction. _927040 |
|
| 651 | 1 |
_aLondon (England) _xFiction. _927041 |
|
| 906 |
_a7 _bcbc _corignew _d1 _eocip _f19 _gy-gencatlg |
||
| 942 |
_2lcc _cBK |
||
| 999 |
_c42912 _d42912 |
||